00717nam a22001937a 4500010001500000020002600015035001400041037001300055082001100068100002300079245006600102260004200168270008400210300002000294700001000314942002500324999001900349952015500368 aENG-138305 a9789390649457c595.00 aEN-121837 bDBAD/PUB a613.25 aKumar,Pawan958235 aAssessment & Management of obesity/c by Pawan kumarhEnglish adarya ganjbfriends publicationc2022 a101,4787/23, Ansari RoadbNew Delhie110002mfriendspublicationsindia@gmail.com a143p.b22cm(hb) 958232 2ddccENh613.25mKUM c198978d198978 001040708NFICaJPbJPd2023-11-06eDelivery of Books Act Divisiong595.00l0o613.25 PAWpEN-121837r2023-11-06 00:00:00t1v595.00w2023-11-06yEN